000 00502nam a2200205Ia 4500
003 0100
008 130303s9999 xx 000 0 und d
040 _cARRUPELIB
050 _aHM276.T49 1998
245 _aTheorizing Multiculturalism
245 _ba guide to the current debate
260 _aMassachusetts
260 _bBlackwell publishers
260 _C1998
300 _a466p.
300 _b 22cm
650 _bCivilization, Medieval
700 _aWillett, Cynthia
942 _2lcc
_04
999 _c65321
_d65321